Le Avventure Di Oliver Twist Vol.2 Grande letteratura

محفوظ في:
التفاصيل البيبلوغرافية
المؤلف الرئيسي: Charles Dickens
التنسيق: كتاب
اللغة:لغة غير معروفة
منشور في: Fabri Editore
الوسوم: إضافة وسم
لا توجد وسوم, كن أول من يضع وسما على هذه التسجيلة!

MARC

LEADER 00000nam a2200000Ia 4500
001 R-209
003 CODICE-MESSINA
005 20260212102448.0
008 260211s9999 xx 000 0 und d
040 |c importazione_messina 
100 |a Charles Dickens 
245 0 |a Le Avventure Di Oliver Twist Vol.2 
245 0 |b Grande letteratura 
260 |b Fabri Editore 
942 |2 ddc  |c BK 
952 |0 0  |1 0  |2 ddc  |4 0  |6 SCAFFALE_3_000000000000000__LETTERATURA  |7 0  |9 31030  |a ME  |b ME  |d 2026-02-11  |l 0  |o SCAFFALE 3 - LETTERATURA  |p R-209  |r 2026-02-11 23:52:17  |w 2026-02-11  |x [REVISIONARE]  |y BK 
999 |c 26692  |d 26692